000 00506cam a22001217a 4500
008 180718b1966 xxu||||| |||| 00| 0 eng d
082 _aA81x54 In2/61/Vol 14/Pt 7-A (i)
100 _aCensus of India 1961
245 _aRajasthan: survey of selected crafts, badla industry of Jodhpur, carpet industry of Jaipur, toy industry of Udaipur, lapidary work of Jaipur
260 _aDelhi
_bThe Manager of Publications
_c1966
300 _a105+p.
440 _aCensus of India 1961. Volume XV, Rajasthan. Part VII-A (i)
999 _c484366
_d484366